Władysław książę Śląska, arcybiskup Salzburga (1237-1270)

Titel: Władysław książę Śląska, arcybiskup Salzburga (1237-1270)
Verfasser:
In: Śla̜ski labirynt krajoznawczy, Band 6 (1994), Seite 27-39
alle Artikel anzeigen
Veröffentlicht: 1994
Format: Aufsatz
Sprache: Polnisch
Kein Bild verfügbar
X
alg: 39468300
001A    $01999:12-11-16 
001B    $01999:01-06-17 $t17:59:52.000 
001D    $01999:12-11-16 
001U    $0utf8 
001X    $00 
002@    $0Aox 
003@    $0394683005 
007A    $0394683005 $aHEB 
007T    $0Herdww003544 
010@    $apol 
011@    $a1994 
021A    $aWładysław książę Śląska, arcybiskup Salzburga (1237-1270) 
027A    $aWladislaus, der Fürst von Schlesien, der Erzbischof von Salzburg (1237-1270) 
028A    $aMularczyk $dJerzy 
031A    $d6 $h27-39 $j1994 
039B    $aIn $8--Abvc--. Śla̜ski labirynt krajoznawczy. - Wrocław : Sudety, 1989-. - ISSN 0867-0013 $x199400000060000973 $9048583480 
046B    $aParallelt.: Wladislaus, der Fürst von Schlesien, der Erzbischof von Salzburg (1237-1270) 

lok: 39468300 78

exp: 39468300 78 1 #EPN
201B/01 $022-11-18 $t23:05:58.000 
201U/01 $0utf8 
203@/01 $0790793504 
208@/01 $a12-11-16 $be 
209A/01 $a/ $f000 $x00 
220C/01 $aTitelaufnehmer: AH 
220C/01 $aHerkunft: IH UWr 
244Z/01 $2Trx $#Silesia $#Śląsk $#Sliezsko $#Slezsko $8--Trx--Schlesien $x01 $9391173987 
244Z/01 $74390031-8 $8--Tg1--Trebnitz$gWoiwodschaft Niederschlesien $x02 $908845732X 
244Z/01 $2Trx $#Breslau Fürstentum $8--Trx--Wrocław$gksięstwo $x03 $9391196278 
244Z/01 $aGeschichte 1230-1270 $x04 
244Z/01 $#Wladislaw  $#Schlesien, Wladislaw von $#Wladislaw  $#Wladislaw  $#Wladislaw  $#Wlodizlaus  $#Wlodizlaus  $#Schlesien, Wlodizlaus von $#Wlodizlaus  $#Wlodizlaus  $#Wlodizlaus  $#Ladislaus  $#Ladislaus  $#Schlesien, Ladislaus von $#Ladislaus  $#Ladislaus  $#Ladislaus  $#Wudezlaus  $#Wudezlaus  $#Schlesien, Wudezlaus von $#Wudezlaus  $#Wudezlaus  $#Wudezlaus  $#Władysław  $#Vladislav  $#Vladislav  $#Vladislaus  $#Vladislaus  $#Vladislaus  $#Vladislaus  $#Vladislaus  $#Vladislaus  $#Vladislaus  $#Vladislaus  $#Vladislaus  $#Vladislaus  $#Vladislaus  $#Vladislaus  $#Vladislaus  $#Silesia, Vladislaus de $7137327234 $8--Tp1--$PWladislaw$lSalzburg, Erzbischof$Z1235-1270 $x05 $9209142103 
244Z/01 $2Trx $#hertsogid Sileesia $#Silezijos hercogai $#Dukes Silesia $#hercegek Szilézia $#książęta Śląsk $#kniežatá sliezske $#knížata slezská $8--Trx--Herzöge$gSchlesien $x06 $9391357530 
244Z/01 $2Trx $8--Trx--Zeitschriftenaufsatz $x07 $9391384341 
247C/01 $82080>Marburg/Lahn, Herder-Institut, Forschungsbibliothek, Bibliographieportal $9336309341
LEADER 00000caa a22000002c 4500
001 394683005
003 DE-603
005 20170601175952.0
007 tu
008 161112s1994 xx |||| | u00||u|pol c
035 |a (DE-599)HEB394683005 
040 |a DE-603  |b ger  |c DE-603  |d DE-603 
041 |a pol 
100 1 |a Mularczyk, Jerzy 
245 0 0 |a Władysław książę Śląska, arcybiskup Salzburga (1237-1270) 
246 0 1 |i Parallelt.  |a Wladislaus, der Fürst von Schlesien, der Erzbischof von Salzburg (1237-1270) 
246 1 3 |a Wladislaus, der Fürst von Schlesien, der Erzbischof von Salzburg (1237-1270) 
264 0 |c 1994 
773 0 8 |i In  |t Śla̜ski labirynt krajoznawczy  |d Wrocław : Sudety, 1989-  |x 0867-0013  |g Band 6 (1994), Seite 27-39  |w (DE-603)048583480  |w (DE-600)1077945-0 
924 0 |9 2080  |a (DE-603)790793504  |b DE-2080  |c HES  |d d  |g /